Layout index : brochure, poster/flyer, web design, advertising, newsletter, page layout, stationery
Αποθηκεύτηκε σε:
| Κύριος συγγραφέας: | |
|---|---|
| Μορφή: | Βιβλίο |
| Γλώσσα: | English |
| Δημοσίευση: |
Cincinnati, Ohio :
How Design Books,
c2001.
|
| Θέματα: | |
| Ετικέτες: |
Προσθήκη ετικέτας
Δεν υπάρχουν, Καταχωρήστε ετικέτα πρώτοι!
|
MARC
| LEADER | 00000cam a2200000 i 4500 | ||
|---|---|---|---|
| 001 | 1/70472 | ||
| 008 | 050127s2001 ohu| ||| |||| ||eng|| | ||
| 020 | |a 1581801467 |q (χαρτόδετο) | ||
| 035 | |l 10076235 | ||
| 040 | |a GR-MyUa |b gre |e AACR2 | ||
| 041 | 0 | |a eng | |
| 082 | 7 | |a 686.2252 |2 (21) | |
| 100 | 1 | |a Krause, Jim, |d 1962- | |
| 245 | 1 | 0 | |a Layout index : |b brochure, poster/flyer, web design, advertising, newsletter, page layout, stationery / |c Jim Krause. |
| 260 | |a Cincinnati, Ohio : |b How Design Books, |c c2001. | ||
| 300 | |a 312 σ. : |b έγχρ. εικ. ; |c 16 εκ. | ||
| 500 | |a Περιλαμβάνει ευρετήριο. | ||
| 650 | 0 | |a Graphic design (Typography) | |
| 650 | 0 | |a Layout (Printing) | |
| 852 | |a INST |b SYROS |e 20050127 |h 686.2252 KRA |p 005500003669 |q 005500003669 |t BK |y 0 | ||
| 901 | |a BIBL5-2005-1 | ||
| 920 | |a Διεύρυνση |b ΕΠΕΑΕΚ-ΤΜΣΠΣ |y Σύρος |z 2004-10 | ||
| 970 | |a Καγιαβά |b Ειρήνη |z 27/01/2005 | ||